Introduction to research methods : (Record no. 26399)
[ view plain ]
| 000 -LEADER | |
|---|---|
| fixed length control field | 01372cam a22003495a 4500 |
| 001 - CONTROL NUMBER | |
| control field | 014921455 |
| 003 - CONTROL NUMBER IDENTIFIER | |
| control field | OSt |
| 005 - DATE AND TIME OF LATEST TRANSACTION | |
| control field | 20180326115121.0 |
| 008 - FIXED-LENGTH DATA ELEMENTS--GENERAL INFORMATION | |
| fixed length control field | 090224r20152009enk frb 001 0 eng d |
| 015 ## - NATIONAL BIBLIOGRAPHY NUMBER | |
| National bibliography number | GBA923325 |
| Source | bnb |
| 016 7# - NATIONAL BIBLIOGRAPHIC AGENCY CONTROL NUMBER | |
| Record control number | 014921455 |
| Source | Uk |
| 020 ## - INTERNATIONAL STANDARD BOOK NUMBER | |
| International Standard Book Number | 9781845283674 (pbk.) |
| 020 ## - INTERNATIONAL STANDARD BOOK NUMBER | |
| International Standard Book Number | 1845283678 (pbk.) |
| 040 ## - CATALOGING SOURCE | |
| Original cataloging agency | StDuBDS |
| Language of cataloging | eng |
| Transcribing agency | StDuBDS |
| Modifying agency | Uk |
| -- | EG-ScBUE |
| 082 04 - DEWEY DECIMAL CLASSIFICATION NUMBER | |
| Classification number | 001.42 |
| Item number | DAW |
| Edition number | 22 |
| 100 1# - MAIN ENTRY--PERSONAL NAME | |
| Personal name | Dawson, Catherine. |
| 245 10 - TITLE STATEMENT | |
| Title | Introduction to research methods : |
| Remainder of title | a practical guide for anyone undertaking a research project / |
| Statement of responsibility, etc | Catherine Dawson. |
| 246 30 - VARYING FORM OF TITLE | |
| Title proper/short title | Research methods |
| 250 ## - EDITION STATEMENT | |
| Edition statement | 4th ed. Reprinted ed. |
| 260 ## - PUBLICATION, DISTRIBUTION, ETC. (IMPRINT) | |
| Place of publication, distribution, etc | Oxford : |
| Name of publisher, distributor, etc | How To Books / Robinson / Brown Book Group, |
| Date of publication, distribution, etc | 2015.. |
| 300 ## - PHYSICAL DESCRIPTION | |
| Extent | x, 166 p. ; |
| Dimensions | 24 cm. |
| 500 ## - GENERAL NOTE | |
| General note | Previous ed.: published as A practical guide to research methods. 2007. |
| 500 ## - GENERAL NOTE | |
| General note | "All students should read this. I've completed the research for my dissertation and it was much easier than i thought, thanks to this book." Reader Review -- cover title. |
| 500 ## - GENERAL NOTE | |
| General note | Reprint of the 2009 4th ed.<br/> |
| 504 ## - BIBLIOGRAPHY, ETC. NOTE | |
| Bibliography, etc | Includes bibliographical references and index. |
| 650 #7 - SUBJECT ADDED ENTRY--TOPICAL TERM | |
| Topical term or geographic name as entry element | Research |
| General subdivision | Methodology. |
| Source of heading or term | BUEsh |
| 651 ## - SUBJECT ADDED ENTRY--GEOGRAPHIC NAME | |
| Source of heading or term | BUEsh |
| 653 ## - INDEX TERM--UNCONTROLLED | |
| Resource For college | Engineering, Civil |
| -- | Humanities: English |
| -- | Generalities |
| Arrived date list | March2018 |
| 655 ## - INDEX TERM--GENRE/FORM | |
| Form subdivision | Text book |
| -- | 33728 |
| 700 1# - ADDED ENTRY--PERSONAL NAME | |
| Personal name | Dawson, Catherine. |
| Title of a work | Practical guide to research methods. |
| 942 ## - ADDED ENTRY ELEMENTS (KOHA) | |
| Source of classification or shelving scheme | Dewey Decimal Classification |
| Withdrawn status | Item status | Source of classification or shelving scheme | Damaged status | Not for loan | Vendor | Home library | Current library | Shelving location | Date acquired | Source of acquisition | Total Checkouts | Full call number | Barcode | Date last seen | Koha item type | Total Renewals | Date last borrowed |
|---|---|---|---|---|---|---|---|---|---|---|---|---|---|---|---|---|---|
| Dewey Decimal Classification | Baccah | Central Library | Central Library | Lower Floor | 26/03/2018 | Purchase | 001.42 DAW | 000043073 | 15/07/2025 | NB - Book (Non borrowing) | |||||||
| Dewey Decimal Classification | Baccah | Central Library | Central Library | Lower Floor | 26/03/2018 | Purchase | 001.42 DAW | 000043074 | 15/07/2025 | NB - Book (Non borrowing) | |||||||
| Dewey Decimal Classification | Baccah | Central Library | Central Library | Lower Floor | 26/03/2018 | Purchase | 1 | 001.42 DAW | 000043075 | 15/07/2025 | Book - Borrowing | 1 | 13/11/2019 | ||||
| Dewey Decimal Classification | Baccah | Central Library | Central Library | Lower Floor | 26/03/2018 | Purchase | 001.42 DAW | 000043076 | 15/07/2025 | Book - Borrowing | |||||||
| Dewey Decimal Classification | Baccah | Central Library | Central Library | Lower Floor | 26/03/2018 | Purchase | 001.42 DAW | 000043077 | 15/07/2025 | Book - Borrowing |